Responses for Show #5333 - Wednesday, November 14, 2007

2007 Tournament of Champions semifinal game 3.

Contestants

[<< previous game]

Cliff Galiher, a student from Half Moon Bay, California

Paul Glaser, a research scientist from Albany, New York

Craig Westphal, a paramedic from Tucson, Arizona

[next game >>]

Jeopardy! Round responses

ANCIENT HISTORY
THE LARGEST IN AREA
HEALTH MATTERS
FRENCH MENU
LOOKS LIKE WE MADE IT
MANILOW!
    $200 16
Sirius

Craig
    $200 26
Labrador

Craig
    $200 2
salt

Craig
    $200 13
mustard

Cliff
    $200 8
Levi's

Craig
    $200 1
the Copacabana

Paul
    $400 17
Hammurabi

Cliff
    $400 27
Botswana

Craig
    $400 4
diabetes

Craig
    $400 14
lobster

Cliff
    $400 9
IKEA

Cliff
    $400 3
"Mandy"

Paul
    $600 18
(Craig: Who are the Visigoths?)

Etruscans

CraigCliff
    $600 28
(Paul: What is Lake Okeechobee?)

Rhode Island

CraigPaul
    $600 24
swimmer's ear

Paul
    $600 15
(Alex: They serve them at the end of the meal--[*].)

profiteroles

Triple Stumper
    $600 10
IHOP

Craig
    $600 5
(Cliff: What is "Memories"?)

"Memory"

Cliff
Triple Stumper
    $800 19
the Minoan civilization

Paul
    $800 29
(Craig: What is Disneyland?)
(Paul: What is Buckingham Palace?)

Vatican City

CraigPaulCliff
    $800 25
an angioplasty

Craig
    $800 21
tarragon

Paul
    $800 11
Rolls-Royce

Craig
    $1,000 6
(Alex: Craig?)
(Craig: No.)
(Alex: What is [*]? Only he didn't, in this case!)

"I Write The Songs"

Craig
    $1000 20
Ur

Craig
    $1000 30
the Everglades

Craig
    $1000 23
(Paul: What is insanity?)

dementia

CraigPaul
    $1000 22
cherries

Triple Stumper
    $1000 12
Revlon

Triple Stumper
    $1000 7
Steve Colbert

Craig

Scores at the first commercial break (after clue 15):

Craig Paul Cliff
$2,200 $600 $400

Scores at the end of the Jeopardy! Round:

Craig Paul Cliff
$6,000 $400 $2,200

Double Jeopardy! Round responses

SCULPTURE
HISTORICAL ROLES
ASTRO QUIZ
NERDVANA
POTPOURRI
14-LETTER WORDS
    $400 20
dinosaurs

Cliff
    $400 11
Idi Amin

Craig
    $400 6
(Craig: What are galaxies?)

nebulae

CraigPaul
    $400 1
(Paul: Alex, take me to NERDVANA.)
[Laughter]
(Alex: For how much?)
(Paul: $400, please.)
(Alex: Thank you, I'll do it!)

Apple

Craig
    $400 26
one

Craig
    $400 21
(Paul: What is malnourished?)

undernourished

PaulCliff
    $2,400 17
(Cliff: What is amphitheater?)

sculpture in the round

Cliff
    $800 12
Joan of Arc

Craig
    $800 7
the Galileo probe

Paul
    $800 2
pixels

Paul
    $800 22
postproduction

Paul
    $1200 16
(Craig: What is bronze?)

wood

Craig
Triple Stumper
    $1200 13
(Paul: Who is Menelaus?)

Agamemnon

PaulCliff
    $1200 8
(Giovanni) Cassini

Cliff
    $1200 3
Windows Vista

Paul
    $1200 29
[The end-of-round signal sounds.]

porcelain

Triple Stumper
    $1200 23
the Department of Transportation

Craig
    $1600 18
the Met

Triple Stumper
    $1600 14
History of the World

Paul
    $2,000 9
Hale & Bopp

Cliff
    $1600 4
Wi-Fi

Paul
    $1600 28
(Craig: What is Kansas?)

Idaho

Craig
Triple Stumper
    $1600 24
telepathically

Paul
    $2000 19
Bernini

Triple Stumper
    $2000 15
Disraeli

Cliff
    $2000 10
(James) Van Allen

Paul
    $2000 5
a (hydrogen) fuel cell

Paul
    $2000 27
(Craig: What is Havana?)

San Juan

CraigCliff
    $2000 25
(Cliff: What is sesquimillennial?)

quincentennial

Cliff
Triple Stumper

Scores at the end of the Double Jeopardy! Round:

Craig Paul Cliff
$4,000 $11,600 $7,000

[wagering suggestions for these scores]

Final Jeopardy! Round responses

NEWSPAPER PEOPLE
CraigWho is Nelly Bly?
$4,000
CliffWho is Nelly Blye?
$4,601
PaulWho is Dorothea Dix?
$2,401
Nellie Bly

Final scores:

Craig Paul Cliff
$8,000 $9,199 $11,601
3rd place: $10,000 + the Jeopardy! DVD Home Game System 2nd place: $10,000 + the Jeopardy! DVD Home Game System Finalist

Game dynamics:

Coryat scores:

Craig Paul Cliff
$5,000 $11,600 $9,000
19 R,
7 W
(including 1 DD)
15 R,
5 W
13 R
(including 1 DD),
3 W
(including 1 DD)

Combined Coryat: $25,600

[game clues] [game scores] [suggest correction]

Game tape date: 2007-10-10
The J! Archive is created by fans, for fans. Scraping, republication, monetization, and malicious use prohibited; this site may use cookies and collect identifying information. See terms. The Jeopardy! game show and all elements thereof, including but not limited to copyright and trademark thereto, are the property of Jeopardy Productions, Inc. and are protected under law. This website is not affiliated with, sponsored by, or operated by Jeopardy Productions, Inc. Join the discussion at JBoard.tv.